000 00226nam a2200097Ia 4500
008 190216s9999||||xx |||||||||||||| ||und||
100 _aMuttathu Varkey
245 0 _aPuthiya Kovil
260 _bCurrent Books
942 _cBK
999 _c26726
_d26726